00622nam a2200157Ia 4500008004100000082001700041100001700058245006400075260005100139365000600190630006400196730006400260942000900324999001900333952011200352100415s9999 xx 000 0 und d b10867a598.2 aPETERS JAMES aCheck list of birds of the world vol.II: FOR REFERENCE ONLY aCAMBRIDGEc1976bMUSEUM OF COMPARATIVE ZOOLOGY b0 aCheck list of birds of the world vol.II: FOR REFERENCE ONLY aCheck list of birds of the world vol.II: FOR REFERENCE ONLY cBOOK c593793d593790 00104070aBNHSbBNHSd2000-12-06g0.00l0o598.2 10867pBNHS-10867r2010-04-15 00:00:00w2010-04-15yBOOK